| 000 | 00859nam a22001577a 4500 | ||
|---|---|---|---|
| 003 | OSt | ||
| 005 | 20161110084203.0 | ||
| 008 | 161110b xxu||||| |||| 00| 0 eng d | ||
| 040 | _cRUA | ||
| 082 | _aLMA LIM 2015 B529 Or.1 | ||
| 100 |
_911240 _aLIM CHEAHONG; លីម ជាហុង |
||
| 245 | _aStudy on land data collection form of systematic land registration in makprang commune, tuek chhou district, kampot province; សិក្សាពីការបំពេញទម្រង់បែបបទនៃការប្រមូលទិន្នន័យក្បាលដីសម្រាប់ការចុះបញ្ជីដីធ្លី នៅឃុំម៉ាក់ប្រាង្គ ស្រុកទឹកឈូ ខេត្តកំពត | ||
| 260 |
_aPhnom Penh _bLIM _c2015 |
||
| 300 |
_ax;48p. _bill. _c29cm. |
||
| 942 |
_2ddc _cLMA |
||
| 999 |
_c10810 _d10810 |
||